000 00721nam a22002177a 4500
003 OSt
005 20230831084327.0
008 221006b |||||||| |||| 00| 0 eng d
040 _cBiblioteca Lado V
082 _a730
_bD155j
100 _91000
_aDamasceno, José
_eautor
245 _aJosé Damasceno/
_bTrabalhos 1992-1998/
260 _c2000
_aBrasil
_bGalería Camargo Vilaca
300 _c17.5x23.5cm
_a32p.
366 _espa
650 _2Tesauro de Arte & Arquitectura
_aARTE
_9703
650 _2Tesauro de Arte & Arquitectura
_aECULTURA
_9702
650 _2Tesauro de Arte & Arquitectura
_aMADERA
_9702
650 _2Tesauro de Arte & Arquitectura
_aESTOPA
942 _2ddc
_c1
_h730
_iD155j
_n0
999 _c4249
_d4249